[Event "Nordic Championship 65+"]
[Site "Vaxjo"]
[Date "2017.06.29"]
[Round "5.2"]
[White "Nilsson, Weine"]
[Black "Ekelund, Kurt"]
[Result "1/2-1/2"]
[WhiteElo "1956"]
[BlackElo "2003"]

1.e4 c5 2.Nf3 Nc6 3.d4 cxd4 4.Nxd4 Nf6 5.Nc3 e5 6.Ndb5 d6 7.Bg5 a6 8.Na3 
b5 9.Nd5 Be7 10.Bxf6 Bxf6 11.c3 Bg5 12.Nc2 Rb8 13.Bd3 Ne7 14.Nce3 Bxe3 15.
Nxe3 O-O 16.O-O Bb7 17.Qc2 Ng6 18.g3 Qg5 19.Rfd1 Rbd8 20.Bf1 Nh4 21.Kh1 
Nf5 22.Nd5 Bxd5 23.Rxd5 Ne7 24.Qd2 Qg6 25.Rd3 Qf6 26.Rd5 Qg6 27.Rd3 Qf6 
1/2-1/2

[Event "Nordic Championship 65+"]
[Site "Vaxjo"]
[Date "2017.06.29"]
[Round "5.3"]
[White "Lauritsen, Niels"]
[Black "Westin, Ake"]
[Result "1-0"]
[WhiteElo "2039"]
[BlackElo "2098"]

1.d4 e6 2.Nc3 d5 3.e4 Nc6 4.Bb5 a6 5.Bxc6+ bxc6 6.Nf3 Nf6 7.Bg5 Be7 8.Bxf6
Bxf6 9.O-O O-O 10.Re1 Be7 11.a3 a5 12.Na4 f6 13.c3 Bd6 14.b4 Bd7 15.Qd3 
Be8 16.e5 fxe5 17.Nxe5 Qh4 18.Qg3 Qh6 19.Nc5 Rf5 20.Qe3 Qxe3 21.Rxe3 Bxe5 
22.Rxe5 Rxe5 23.dxe5 Kf7 24.f4 a4 25.g4 Ke7 26.Kf2 Bg6 27.Ke3 h5 28.Rg1 
Rg8 29.gxh5 Bxh5 30.Nxa4 Ra8 31.Nc5 Rxa3 32.Rxg7+ Bf7 33.Kd4 Kf8 34.Rh7 
Ra1 35.Rh8+ Kg7 36.Rc8 Rf1 37.Ke3 Rc1 38.Kd2 Rh1 39.Rxc7 Rxh2+ 40.Ke3 Kg6 
41.Rxc6 Kf5 42.b5 Be8 43.Rxe6 Bxb5 44.Rf6+ Kg4 45.Rg6+ Kh5 46.Rg5+ Kh4 47.
e6 Re2+ 48.Kd4 Bc6 49.Rg8 Rf2 50.Ke5 Rf3 51.Kd6 Bb5 52.Rb8 1-0

[Event "Nordic Championship 65+"]
[Site "Vaxjo"]
[Date "2017.06.29"]
[Round "5.4"]
[White "Norevall, Ulf"]
[Black "Wihlborn, Bengt"]
[Result "1/2-1/2"]
[WhiteElo "1769"]
[BlackElo "1842"]

1.d4 Nf6 2.c4 e6 3.Nc3 Bb4 4.Qc2 d5 5.cxd5 exd5 6.Bg5 c6 7.e3 O-O 8.Bd3 h6
9.Bh4 Re8 10.Nf3 Nbd7 11.O-O a5 12.Bxf6 Nxf6 13.Ne5 Ng4 14.Nxg4 Bxg4 15.h3
Bd7 16.Rae1 Qh4 17.Bf5 Rad8 18.g3 Qh5 19.Bxd7 Rxd7 20.Kg2 Rde7 21.Qe2 Qf5 
22.Qg4 Qd3 23.Qe2 Qf5 24.Qg4 Qd3 25.Qe2 Qf5 1/2-1/2

[Event "Nordic Championship 65+"]
[Site "Vaxjo"]
[Date "2017.06.29"]
[Round "5.5"]
[White "Koski, Viljo"]
[Black "Grahn, Lars"]
[Result "0-1"]
[WhiteElo "1917"]
[BlackElo "2008"]

1.Nf3 f5 2.d3 Nf6 3.Nbd2 d6 4.e3 e5 5.b3 Be7 6.Bb2 O-O 7.e4 c5 8.Be2 Nc6 
9.c3 Bd7 10.O-O fxe4 11.dxe4 Kh8 12.Bc4 Qe8 13.Ng5 Qg6 14.Ne6 Bxe6 15.Bxe6
Nxe4 16.Bd5 Nf6 17.Nc4 Nxd5 18.Qxd5 Qf7 19.Qd3 Rad8 20.Qe2 Bf6 21.Rad1 d5 
22.Ne3 Ne7 23.Ng4 Ng6 24.Qb5 b6 25.Qc6 Qd7 26.Qxd7 Rxd7 27.Nxf6 gxf6 28.g3
Ne7 29.Rfe1 Nc6 30.Rd2 Kg7 31.Kf1 Re8 32.f3 Kf7 33.Kf2 h5 34.h3 Ke6 35.
Red1 f5 36.Re1 Rf7 37.Red1 Ne7 38.Re2 Ng6 39.Red2 Rd7 40.Re2 Rf8 41.Rde1 
Rc8 42.Ba1 Kf6 43.Bb2 h4 44.Bc1 hxg3+ 45.Kxg3 f4+ 46.Kf2 Rh8 47.Rh1 Re7 
48.Rd2 Ke6 49.Re2 Kf5 50.Rd2 Rd7 51.Bb2 Rhh7 52.Bc1 e4 53.fxe4+ dxe4 54.
Rhd1 Ke5 0-1

[Event "Nordic Championship 65+"]
[Site "Vaxjo"]
[Date "2017.06.29"]
[Round "5.6"]
[White "Isaksson, Leif"]
[Black "Johansson, Bjorn"]
[Result "1/2-1/2"]
[WhiteElo "1928"]
[BlackElo "1922"]

1.e4 c5 2.Nf3 Nc6 3.d4 cxd4 4.Nxd4 e6 5.Be3 a6 6.g3 Nf6 7.Bg2 d5 8.exd5 
Nxd5 9.Nxc6 bxc6 10.O-O Bb7 11.Qe2 Qc7 12.c4 Nxe3 13.Qxe3 c5 14.Bxb7 Qxb7 
15.Nc3 Be7 16.Qe4 Qxe4 17.Nxe4 O-O-O 18.Rad1 Kc7 19.Kg2 Kc6 20.f4 Rxd1 21.
Rxd1 Rd8 22.Rxd8 Bxd8 23.Kf3 f5 24.Nf2 Kd6 25.Ke3 Kc6 26.Kf3 Kd6 27.Ke3 
Kc6 28.Kf3 Kd6 1/2-1/2

[Event "Nordic Championship 65+"]
[Site "Vaxjo"]
[Date "2017.06.29"]
[Round "5.7"]
[White "Lundgren, Ulf"]
[Black "Heikkila, Raine"]
[Result "1-0"]
[WhiteElo "1963"]
[BlackElo "1714"]

1.d4 d5 2.c4 e6 3.Nf3 Nf6 4.Nc3 Be7 5.Bg5 Nbd7 6.e3 b6 7.cxd5 exd5 8.Bb5 
O-O 9.Bc6 Rb8 10.O-O Bb7 11.Qa4 a5 12.Rac1 h6 13.Bf4 Ba6 14.Nb5 Rc8 15.
Rfd1 Bxb5 16.Qxb5 Nh5 17.Bxd7 Nxf4 18.Bxc8 Qxc8 19.exf4 Qb7 20.Qd7 Bd6 21.
g3 Qb8 22.Ne5 Qa8 23.Re1 Qb7 24.Nc6 Qa8 25.Ne7+ Kh8 26.Nf5 Bb4 27.Re2 Kh7 
28.Rxc7 g6 29.Nd6 Bxd6 30.Qxd6 Kg8 31.Ree7 Kg7 32.Qe5+ Kg8 33.Qf6 Qd8 34.
Qxg6+ 1-0

[Event "Nordic Championship 65+"]
[Site "Vaxjo"]
[Date "2017.06.29"]
[Round "5.8"]
[White "Ehlers, Kjeld"]
[Black "Olsson, Sture"]
[Result "1-0"]
[WhiteElo "1560"]
[BlackElo "1921"]

1.d4 Nf6 2.c4 g6 3.Nc3 d5 4.cxd5 Nxd5 5.e4 Nxc3 6.bxc3 Bg7 7.Be2 O-O 8.Nf3
c5 9.O-O Nc6 10.Bb2 Qa5 11.Qb3 Rb8 12.a4 Bg4 13.Rfd1 h6 14.h3 Bxf3 15.gxf3
cxd4 16.cxd4 Qg5+ 17.Kh2 Rfd8 18.Qe3 Qh4 19.Bc4 Bf6 20.f4 e6 21.e5 Bg7 22.
Rg1 h5 23.f5 exf5 24.Rxg6 Nxe5 25.Qxe5 Qxf2+ 26.Kh1 Qf3+ 27.Kg1 1-0

[Event "Nordic Championship"]
[Site "Vaxjo"]
[Date "2017.06.30"]
[Round "7.1"]
[White "Grandelius, Nils"]
[Black "Westerberg, Jonathan"]
[Result "1-0"]
[WhiteElo "2655"]
[BlackElo "2468"]

1.c4 e6 2.Nc3 d5 3.d4 Nf6 4.Bg5 dxc4 5.e3 a6 6.Bxc4 b5 7.Be2 Bb7 8.Bf3 
Bxf3 9.Qxf3 Nbd7 10.Bxf6 Nxf6 11.Qc6+ Nd7 12.Nf3 Bd6 13.Ne4 Bb4+ 14.Ke2 
O-O 15.Rac1 Ra7 16.a3 Be7 17.Rhd1 Qa8 18.Ne5 Nxe5 19.dxe5 Qxc6 20.Rxc6 Rd8
21.Rxd8+ Bxd8 22.Nc5 a5 23.Nb3 a4 24.Nd4 Be7 25.Nxb5 Rb7 26.Rxc7 Rxb5 27.
Rxe7 Rxb2+ 28.Kf3 g5 29.Ra7 Rb5 30.Rxa4 Rxe5 31.Rc4 Rb5 32.Rc2 Ra5 33.Ra2 
Kf8 34.a4 Ke7 35.Ke4 Kd6 36.Kd4 Rd5+ 37.Kc4 Kc6 38.e4 Rd1 39.a5 Kb7 40.a6+
Ka7 41.Ra3 g4 42.Rd3 Rc1+ 43.Kb5 Rb1+ 44.Kc6 Rc1+ 45.Kd6 Rc2 46.Rg3 h5 47.
f3 f5 48.fxg4 f4 49.Rf3 hxg4 50.Rxf4 Rxg2 51.Kxe6 Kxa6 52.e5 Kb6 53.Kf7 
Rxh2 54.Rxg4 Kc6 55.Rd4 Rh7+ 56.Kg6 Rd7 57.Rxd7 Kxd7 58.Kf7 1-0

[Event "Nordic Championship"]
[Site "Vaxjo"]
[Date "2017.06.30"]
[Round "7.2"]
[White "Rasmussen, Allan Stig"]
[Black "Hjartarson, Johann"]
[Result "0-1"]
[WhiteElo "2540"]
[BlackElo "2541"]

1.e4 g6 2.d4 Bg7 3.Nc3 d6 4.Be3 a6 5.Qd2 b5 6.f3 Nd7 7.h4 Ngf6 8.g4 h6 9.
Nge2 Nb6 10.b3 h5 11.g5 Nfd7 12.Ng3 c5 13.Rd1 Bb7 14.Nce2 cxd4 15.Bxd4 
Bxd4 16.Nxd4 Qc7 17.f4 e5 18.Nde2 exf4 19.Qxf4 Qxc2 20.Rc1 Qxa2 21.Qxd6 
Rc8 22.Rxc8+ Bxc8 23.Nd4 Qa5+ 24.b4 Qa1+ 25.Kf2 Qb2+ 26.Kg1 Bb7 27.Rh2 Qa1
28.Nge2 Bxe4 29.Kf2 Kd8 30.Bg2 Nc4 31.Qf4 Bxg2 32.Rxg2 Nce5 33.Rg3 Re8 34.
Kg2 Qa2 35.Qe4 Ke7 36.Rc3 Kf8 37.Rc2 Qa4 38.Nf4 Ng4 39.Nde6+ Kg8 40.Rd2 
Nf8 41.Qb1 Nxe6 42.Nd5 Rd8 43.Ra2 Rxd5 44.Rxa4 bxa4 45.Qa2 a3 46.Kf3 Rd3+ 
47.Ke4 Rd4+ 0-1

[Event "Nordic Championship"]
[Site "Vaxjo"]
[Date "2017.06.30"]
[Round "7.3"]
[White "Ziska, Helgi Dam"]
[Black "Johansson, Linus"]
[Result "0-1"]
[WhiteElo "2544"]
[BlackElo "2448"]

1.Nf3 c5 2.e4 Nc6 3.Bb5 g6 4.Bxc6 bxc6 5.O-O Bg7 6.Re1 Nh6 7.c3 O-O 8.h3 
f5 9.e5 Nf7 10.d4 cxd4 11.cxd4 c5 12.dxc5 Bb7 13.Nc3 Rb8 14.Rb1 e6 15.Be3 
h5 16.Nd4 Bxe5 17.c6 Bxd4 18.Bxd4 Bxc6 19.Bxa7 Rc8 20.Bd4 Qg5 21.f3 Rfe8 
22.b4 e5 23.Be3 f4 24.Bb6 d5 25.Nxd5 Bxd5 26.Qxd5 Rc2 27.Bf2 Rd8 28.Qe4 
Rdd2 29.Rf1 Re2 30.Qa8+ Kg7 31.h4 Qxh4 32.Qa7 Qd8 33.Rbe1 Red2 34.Rxe5 Rd7
35.Qa5 Nxe5 36.Qxe5+ Qf6 37.Qe4 Rdd2 38.b5 Rxf2 39.Rxf2 Rc1+ 0-1

[Event "Nordic Championship"]
[Site "Vaxjo"]
[Date "2017.06.30"]
[Round "7.4"]
[White "Lokander, Martin"]
[Black "Dragicevic, Drazen"]
[Result "1-0"]
[WhiteElo "2329"]
[BlackElo "2306"]

1.c4 Nf6 2.Nc3 c5 3.g3 Nc6 4.Bg2 g6 5.a3 a5 6.Nf3 e5 7.O-O Bg7 8.d3 O-O 9.
Bg5 h6 10.Bxf6 Qxf6 11.Ne1 Rb8 12.Nc2 Qd8 13.Rb1 Na7 14.b4 cxb4 15.axb4 b5
16.bxa5 Qxa5 17.Nd5 Nc6 18.Ncb4 Nd4 19.e3 Ne6 20.Ne7+ Kh7 21.Nbd5 b4 22.
Qd2 Re8 23.Nxc8 Rexc8 24.Rxb4 Rxb4 25.Qxb4 Qxb4 26.Nxb4 Rb8 27.Nd5 Rb2 28.
Rd1 f5 29.h4 h5 30.Bf1 Kh6 31.Ra1 Nc5 32.Ra5 d6 33.Rb5 Rd2 34.Rb6 Bf8 35.
Nf6 Nxd3 36.Bxd3 Rxd3 37.Rb7 g5 38.Rf7 gxh4 39.gxh4 Bg7 40.Ne8 Bh8 41.Rf8 
Kh7 42.Rxf5 Kg6 43.Rg5+ Kh6 44.Rg8 Kh7 45.Rf8 d5 46.cxd5 Rxd5 47.Nf6+ Kg7 
48.Nxd5 Kxf8 49.Kg2 Kf7 50.Kf3 Ke6 51.e4 Bg7 52.Ne3 Bf6 53.Nf5 Bd8 54.Kg3 
Kf6 55.Kf3 Ke6 56.Ke2 Kf6 57.Kd3 Ba5 58.Kc4 Be1 59.f3 Bf2 60.Kd5 Be1 61.
Kd6 Bb4+ 62.Kd7 Be1 63.Kc6 Bf2 64.Kd6 Be1 65.Ne3 Bb4+ 66.Kd7 Kf7 67.Nf5 
Be1 68.Kc6 Kf6 69.Kd6 Bb4+ 70.Kd5 Be1 71.Kc4 Bf2 72.Kd3 Bc5 73.Ng3 Bf2 74.
Nf5 Bc5 75.Ke2 Bb4 76.Ng3 Kg6 77.Kf2 Bc5+ 78.Kg2 Be7 79.Kh3 Bb4 80.Ne2 Bd2
81.Kg3 Be1+ 82.Kh3 Bd2 83.Ng3 Bb4 84.Nf5 Kf6 85.Ne3 Bd2 86.Ng2 Bc1 87.Kg3 
Bh6 88.Kh2 Ke6 89.Kg1 Kf6 90.Kf2 Bc1 91.Kg3 Bh6 92.Kf2 Bc1 93.Ke2 Ke6 94.
Ne3 Ba3 95.Nd5 Bc1 96.Ke1 Bh6 97.Kf2 Bc1 98.Kg3 Bh6 99.f4 exf4+ 100.Kf3 
Ke5 101.Ne7 Ke6 102.Ng6 Kf7 103.Nxf4 Bf8 104.Nxh5 Be7 105.Kg4 Ke6 106.Nf4+
Kd6 107.Ng6 Bd8 108.Kf5 Ba5 109.Kf6 Bd8+ 110.Kf5 Ba5 111.h5 Bd2 112.Kf6 
Kd7 113.Kf7 1-0

[Event "Nordic Championship"]
[Site "Vaxjo"]
[Date "2017.06.30"]
[Round "7.5"]
[White "Rostgaard, Tobias Valentin"]
[Black "Blomqvist, Erik"]
[Result "1-0"]
[WhiteElo "2327"]
[BlackElo "2554"]

1.e4 c5 2.Nf3 e6 3.b3 d6 4.Bb2 Nd7 5.c4 Ngf6 6.Nc3 b6 7.Be2 Bb7 8.Qc2 Be7 
9.O-O O-O 10.Rfd1 Rc8 11.d4 cxd4 12.Nxd4 a6 13.a4 Qc7 14.Rac1 Rfe8 15.Bf1 
Qb8 16.g3 d5 17.exd5 exd5 18.cxd5 Nxd5 19.Qf5 Nxc3 20.Rxc3 Nc5 21.Re3 Bf6 
22.Rde1 Rxe3 23.Rxe3 Rd8 24.Qg4 h5 25.Qxh5 Ne4 26.Bc4 Qc7 27.Ne6 g6 28.
Qxg6+ fxg6 29.Nxc7+ Kh7 30.Bxf6 Rd1+ 31.Kg2 Nxf6+ 32.f3 g5 33.Nxa6 Kg6 34.
Bd3+ Kh5 35.Be2 Rd2 36.Kg1 Bd5 37.f4+ g4 38.h3 1-0

[Event "Nordic Championship"]
[Site "Vaxjo"]
[Date "2017.06.30"]
[Round "7.6"]
[White "Kenneskog, Theodor"]
[Black "Smith, Axel"]
[Result "1/2-1/2"]
[WhiteElo "2318"]
[BlackElo "2505"]

1.d4 Nf6 2.c4 g6 3.Nc3 d5 4.Bg5 Ne4 5.Bh4 Nxc3 6.bxc3 dxc4 7.e3 Be6 8.Nf3 
Bg7 9.Be2 O-O 10.O-O Nd7 11.Qc2 Nb6 12.a4 a5 13.Rfb1 Qd7 14.Nd2 f5 15.Rb5 
Bd5 16.Rc5 e6 17.Bg3 Rfc8 18.Bxc4 Nxc4 19.Nxc4 Ra7 20.Rxa5 Rxa5 21.Nxa5 
Ra8 22.c4 Be4 23.Qc3 c5 24.Nb3 cxd4 25.exd4 Rxa4 26.Rxa4 Qxa4 27.h3 Qc6 
28.f3 Bd5 29.Na5 Qc8 30.Qd3 Bc6 31.Nxc6 bxc6 32.Be5 Qd7 33.Bxg7 Kxg7 34.
Qe3 Qd6 35.f4 Kf7 36.Kf2 Qb4 37.c5 Qb2+ 38.Kf3 Qa2 39.Qe5 Qd5+ 40.Kf2 Qxe5
41.dxe5 h6 42.h4 g5 43.g3 Kg6 44.Kg2 Kh5 45.Kh3 Kg6 46.Kg2 Kh5 47.Kh3 Kg6 
48.Kg2 1/2-1/2

[Event "Nordic Championship"]
[Site "Vaxjo"]
[Date "2017.06.30"]
[Round "7.7"]
[White "Kucuksari, Kaan"]
[Black "Thybo, Jesper Sondergaard"]
[Result "0-1"]
[WhiteElo "2299"]
[BlackElo "2465"]

1.d4 Nf6 2.Nf3 e6 3.c4 c5 4.d5 exd5 5.cxd5 d6 6.Nc3 g6 7.Bf4 a6 8.a4 Bg7 
9.h3 O-O 10.e3 Re8 11.Nd2 Nfd7 12.Be2 Ne5 13.O-O Nbd7 14.Bg3 f5 15.Re1 Rb8
16.f4 Nf7 17.Nc4 Nb6 18.Nxb6 Qxb6 19.Qd2 Rxe3 20.Bc4 Rxe1+ 21.Rxe1 Qd8 22.
Re6 Bd7 23.Qe1 b5 24.axb5 axb5 25.Bh4 Qc8 26.Nxb5 Rxb5 27.Bxb5 Bxb5 28.Bf6
Bxf6 29.Rxf6 Bd7 30.Qe7 Qe8 31.Rxf7 Qxf7 32.Qxd6 c4 33.Qc5 Qf6 34.Qxc4 
Qxb2 35.d6+ Kf8 36.Qc5 Qb1+ 37.Kh2 Qe4 38.Qc7 Bc6 39.Qd8+ Kg7 40.Qg5 h6 
41.Qg3 Qd5 42.Qc3+ Kh7 43.Qc2 Qxd6 44.Qc4 Qd5 45.Qe2 Qe4 46.Qd2 Bd5 47.Kg1
Qb1+ 48.Kh2 Qa2 0-1

[Event "Nordic Championship"]
[Site "Vaxjo"]
[Date "2017.06.30"]
[Round "7.8"]
[White "Seo, Jung Min"]
[Black "Ernst, Thomas"]
[Result "1/2-1/2"]
[WhiteElo "2276"]
[BlackElo "2381"]

1.e4 c5 2.b3 Nc6 3.Bb2 e5 4.Nc3 Nf6 5.Bc4 d6 6.h3 g6 7.Nge2 Bg7 8.d3 Be6 
9.O-O O-O 10.Nd5 Bxd5 11.Bxd5 Nxd5 12.exd5 Nd4 13.c4 Nxe2+ 14.Qxe2 Qd7 15.
f4 Rae8 16.Qd2 e4 17.Bxg7 Kxg7 18.dxe4 Rxe4 19.f5 f6 20.fxg6 hxg6 21.Rf2 
b5 22.Re1 Rxe1+ 23.Qxe1 Re8 24.Qa5 bxc4 25.bxc4 Re4 26.Qc3 Qe7 27.Rb2 Qe5 
28.Rb7+ Kh6 29.Qxe5 dxe5 30.Rxa7 Rxc4 31.d6 Rd4 32.d7 Kg5 33.Kf2 c4 34.Rc7
c3 35.a4 c2 36.Rxc2 Rxd7 37.a5 Ra7 38.Ra2 Ra6 39.Ra4 f5 40.Ke3 e4 41.g3 
Kf6 42.h4 g5 43.g4 gxh4 44.gxf5 Kxf5 45.Rxe4 Rxa5 46.Rxh4 1/2-1/2

[Event "Nordic Championship"]
[Site "Vaxjo"]
[Date "2017.06.30"]
[Round "7.9"]
[White "Schneider, Stefan"]
[Black "Thogersen, Rasmus"]
[Result "1-0"]
[WhiteElo "2360"]
[BlackElo "2222"]

1.d4 Nf6 2.c4 g6 3.Nc3 Bg7 4.e4 d6 5.h3 O-O 6.Bg5 c5 7.d5 e6 8.Bd3 exd5 9.
exd5 Re8+ 10.Nge2 Nbd7 11.f4 a6 12.a4 Qc7 13.O-O Nf8 14.Qc2 Bd7 15.a5 h6 
16.Bh4 N6h7 17.f5 g5 18.Bg3 Nf6 19.Qb3 Re3 20.Nd1 Re7 21.Qb6 Qxb6 22.axb6 
Ne4 23.f6 Bxf6 24.Bxe4 Rxe4 25.Rxf6 Rxe2 26.Bxd6 Ng6 27.Rf2 Re1+ 28.Rf1 
Rxf1+ 29.Kxf1 Bf5 30.b3 Re8 31.Nb2 Re3 32.Na4 Rxb3 33.Bc7 Bd3+ 34.Kg1 Bxc4
35.d6 Ne5 36.Nxc5 Rb2 37.Re1 Nc6 38.d7 Bd5 39.g3 f5 40.Nxb7 Kh7 41.Rd1 Bf3
42.Na5 1-0

[Event "Nordic Championship"]
[Site "Vaxjo"]
[Date "2017.06.30"]
[Round "7.10"]
[White "Lind, Jan-Olov"]
[Black "Nielsen, Rogvi Egilstoft"]
[Result "1-0"]
[WhiteElo "2222"]
[BlackElo "2353"]

1.Nf3 e6 2.e4 b6 3.d4 Bb7 4.Bd3 d5 5.Qe2 Nf6 6.Nbd2 Be7 7.e5 Nfd7 8.Nf1 c5
9.c3 Nc6 10.a3 a5 11.h4 Qc8 12.Bf4 Ba6 13.Ne3 Qb7 14.Rd1 Bxd3 15.Qxd3 b5 
16.Ng5 b4 17.O-O Rb8 18.axb4 cxd4 19.cxd4 Qxb4 20.Nxd5 exd5 21.e6 fxe6 22.
Nxe6 Bd6 23.Nxg7+ Kf7 24.Qf5+ Nf6 25.Nh5 Be7 26.Nxf6 Bxf6 27.Qxd5+ Kg7 28.
Qxc6 Qb7 29.Bh6+ Kf7 30.Qc4+ Kg6 31.Bf4 Rbc8 32.Qd3+ Kg7 33.h5 Rhg8 34.Qf5
Rcf8 35.Be5 Bxe5 36.Qxe5+ Kh6 37.d5 Re8 38.Qf6+ Kxh5 39.Rd4 Rg4 40.Qf5+ 
Rg5 41.Rh4+ Kxh4 42.Qh3# 1-0

[Event "Nordic Championship"]
[Site "Vaxjo"]
[Date "2017.06.30"]
[Round "7.11"]
[White "Kjartansson, Gudmundur"]
[Black "Tuomainen, Felix"]
[Result "1/2-1/2"]
[WhiteElo "2464"]
[BlackElo "2294"]

1.c4 e6 2.Nc3 d5 3.d4 Be7 4.Bf4 Nf6 5.e3 O-O 6.a3 b6 7.cxd5 Nxd5 8.Nxd5 
exd5 9.Nf3 c5 10.dxc5 bxc5 11.Bd3 Qa5+ 12.Qd2 Qxd2+ 13.Kxd2 Be6 14.Ng5 
Bxg5 15.Bxg5 Nd7 16.Bf4 a5 17.Rac1 Rfc8 18.b3 Nb6 19.a4 c4 20.bxc4 dxc4 
21.Be4 Ra7 22.Ra1 Rd7+ 23.Kc3 f5 24.Rhb1 Nxa4+ 25.Rxa4 fxe4 26.Rb8 Rxb8 
27.Bxb8 Rf7 28.Ra2 Rb7 29.Bg3 Rb3+ 30.Kc2 Rb5 31.Kc3 Rb3+ 32.Kc2 Rb5 33.
Kc3 Rb3+ 1/2-1/2

[Event "Nordic Championship"]
[Site "Vaxjo"]
[Date "2017.06.30"]
[Round "7.12"]
[White "Brynell, Stellan"]
[Black "Olofsson-Dolk, Mattis"]
[Result "1/2-1/2"]
[WhiteElo "2434"]
[BlackElo "2203"]

1.d4 Nf6 2.c4 g6 3.g3 c6 4.Nc3 d5 5.cxd5 cxd5 6.Bg2 Bg7 7.Nf3 Ne4 8.O-O 
O-O 9.Qb3 Nxc3 10.bxc3 Nc6 11.Nd2 e6 12.e4 Na5 13.Qc2 b6 14.Re1 Bb7 15.Ba3
Re8 16.e5 Rc8 17.f4 Qd7 18.Bd6 Ba6 19.Re3 f5 20.exf6 Bxf6 21.Be5 Bxe5 22.
fxe5 Nc4 23.Rf3 Nxd2 24.Qxd2 Rf8 25.a4 Rxf3 26.Bxf3 Rc4 27.Bg4 Bc8 28.a5 
bxa5 29.Rxa5 Qc7 30.Ra3 Qb6 31.Qa2 Rxc3 32.Rxc3 Qxd4+ 33.Kg2 Qxc3 34.Qxa7 
Qc2+ 35.Kg1 Qe4 36.Bh3 Qxe5 37.Qa8 Qe1+ 38.Kg2 Qd2+ 39.Kg1 Qc1+ 40.Kg2 Kg7
41.Qa7+ Kh6 42.Qe7 Qd2+ 43.Kg1 Qd4+ 44.Kg2 Ba6 45.Qf8+ Kg5 46.Bxe6 Qe4+ 
47.Kf2 Qe2+ 48.Kg1 Qe1+ 49.Kg2 Qe2+ 50.Kg1 Qe1+ 51.Kg2 Qe2+ 1/2-1/2

[Event "Nordic Championship"]
[Site "Vaxjo"]
[Date "2017.06.30"]
[Round "7.13"]
[White "Lindgren, Philip"]
[Black "Johansson, Carl Fredrik"]
[Result "0-1"]
[WhiteElo "2420"]
[BlackElo "2173"]

1.d4 d5 2.c4 e6 3.Nf3 c6 4.e3 f5 5.Bd3 Nf6 6.O-O Bd6 7.b3 Qe7 8.Bb2 a5 9.
Qc1 Na6 10.a3 O-O 11.Bc3 Ng4 12.h3 e5 13.dxe5 Nxe5 14.Nxe5 Bxe5 15.cxd5 
cxd5 16.Bxe5 Qxe5 17.Qc3 Qd6 18.Qxa5 f4 19.exf4 Nb4 20.Qxa8 Nxd3 21.Qa7 
Nxf4 22.Qe3 Bxh3 23.Nc3 Bxg2 24.Rfe1 d4 25.Qg3 dxc3 26.Rac1 Qh6 27.Qh2 
Nh3+ 0-1

[Event "Nordic Championship"]
[Site "Vaxjo"]
[Date "2017.06.30"]
[Round "7.14"]
[White "Hansen, Mads"]
[Black "Krantz, Christopher"]
[Result "1-0"]
[WhiteElo "2414"]
[BlackElo "2200"]

1.e4 c6 2.d4 d5 3.exd5 cxd5 4.c4 Nf6 5.Nc3 Nc6 6.Bg5 dxc4 7.Bxc4 h6 8.Be3 
e6 9.Nf3 Be7 10.a3 O-O 11.Qd3 a6 12.O-O b5 13.Ba2 Bb7 14.Rac1 Rc8 15.Rfd1 
Re8 16.b4 Nb8 17.Ne5 Nbd7 18.Qe2 Bf8 19.Nd3 Nb6 20.Nc5 Qc7 21.Bf4 Qxf4 22.
Nxb7 Nbd5 23.Nc5 g6 24.g3 Qd6 25.N3e4 Nxe4 26.Nxe4 Qe7 27.Qf3 Bg7 28.Rc5 
Rcd8 29.Kg2 Nb6 30.Rc6 Na4 31.d5 exd5 32.Rxd5 Rc8 33.Rxc8 Rxc8 34.Nd6 Rf8 
35.Rd3 Nc3 36.Bb3 Be5 37.Qg4 Kh7 38.Nxf7 Bg7 39.Rd7 Qf6 40.Rd6 Qf5 41.Qxf5
gxf5 42.Rxa6 Re8 43.Be6 Kg6 44.Ne5+ Kh7 45.Bxf5+ Kh8 46.Nf7+ 1-0

[Event "Nordic Championship"]
[Site "Vaxjo"]
[Date "2017.06.30"]
[Round "7.15"]
[White "Vernersson, Per"]
[Black "Pantzar, Milton"]
[Result "1/2-1/2"]
[WhiteElo "2290"]
[BlackElo "2313"]

1.d4 Nf6 2.c4 e6 3.g3 d5 4.Nf3 Bb4+ 5.Bd2 Bd6 6.Bg2 c6 7.b3 Ne4 8.O-O O-O 
9.Qc1 f5 10.Bf4 b6 11.Bxd6 Qxd6 12.e3 Nd7 13.Nbd2 Bb7 14.Qb2 Rac8 15.Rac1 
c5 16.cxd5 Bxd5 17.Nc4 Qe7 18.Nce5 Ndf6 19.dxc5 Nxc5 20.Ne1 Bxg2 21.Nxg2 
Ng4 22.Rcd1 Nxe5 23.Qxe5 g5 24.Rd4 Rfd8 25.Rfd1 Rxd4 26.exd4 Nd7 27.Qe2 
Nf6 28.Qe5 Nd7 29.Qe3 h6 30.Ne1 Kh7 31.Nf3 Qd6 32.Re1 Rc6 33.d5 Qxd5 34.
Nd4 Rd6 35.Nxe6 Qd2 36.Nc7 Qxe3 37.Rxe3 Nf6 38.Nb5 Rd1+ 39.Kg2 Ne4 40.Nc3 
Rd2 41.Re2 Rxe2 42.Nxe2 Kg6 43.f3 Nf6 44.b4 Nd5 45.b5 Kf6 46.Nd4 Nc3 47.a3
Nb1 48.a4 Nc3 49.Nc6 Nxa4 50.Nxa7 Nc3 51.Nc8 Nd5 52.Nd6 Ke6 53.Nc4 Nc3 54.
Nxb6 Nxb5 1/2-1/2

[Event "Nordic Championship"]
[Site "Vaxjo"]
[Date "2017.06.30"]
[Round "7.16"]
[White "Rydstrom, Tom"]
[Black "Malm Lindberg, Henrik"]
[Result "1-0"]
[WhiteElo "2313"]
[BlackElo "2214"]

1.e4 c5 2.Nf3 e6 3.d4 cxd4 4.Nxd4 Nf6 5.Nc3 d6 6.g4 h6 7.Bg2 Nc6 8.h3 Be7 
9.Be3 Ne5 10.Qe2 g5 11.O-O-O a6 12.f4 gxf4 13.Bxf4 Bd7 14.Rhf1 Qa5 15.Kb1 
O-O-O 16.g5 hxg5 17.Bxg5 Ng8 18.Bd2 Qc7 19.Nf3 Be8 20.Be1 Nf6 21.Rd4 Bc6 
22.Bf2 Rdg8 23.Rg1 Nfd7 24.a4 Nxf3 25.Qxf3 Ne5 26.Qe2 Rg6 27.Bf1 Rxg1 28.
Bxg1 Qb6 29.Bf2 Bh4 30.Be3 Bg5 31.Bg1 Rg8 32.Bf2 Qc5 33.Rd3 Qb4 34.Rg3 Rg6
35.Be1 Qd4 36.Qh5 Be3 37.Qh8+ Kc7 38.Rxg6 Nxg6 39.Qg8 Ne5 40.Bh4 Kb6 41.
Qb8 Qd2 42.Bd8+ Kc5 43.Ba5 Nd7 44.Qa7+ b6 45.Qxa6 bxa5 46.Qxa5+ Kd4 47.
Ne2+ Kxe4 48.Bg2# 1-0

[Event "Nordic Championship"]
[Site "Vaxjo"]
[Date "2017.06.30"]
[Round "7.17"]
[White "Rishovd, Svein"]
[Black "Keinanen, Toivo"]
[Result "0-1"]
[WhiteElo "2092"]
[BlackElo "2287"]

1.d4 Nf6 2.c4 e6 3.Nf3 c5 4.d5 exd5 5.cxd5 d6 6.Nc3 g6 7.Bf4 Bg7 8.Qa4+ 
Kf8 9.h3 Na6 10.e4 Nc7 11.Qc2 b5 12.Be2 Nh5 13.Bh2 f5 14.O-O a6 15.Rad1 
Ne8 16.e5 Bh6 17.g3 Bg7 18.Nh4 Bxe5 19.Bxh5 gxh5 20.Nxf5 Qf6 21.Ne3 Bxh3 
22.Ne4 Qg6 23.Rfe1 Nf6 24.Nxc5 dxc5 25.Qxc5+ Kf7 26.Ng2 Rhc8 27.Qb6 Nd7 
28.Qb7 Rab8 29.Qa7 Qb6 30.Qxb6 Rxb6 31.f4 Bxb2 32.Ne3 Re8 33.Kh1 Bc3 34.
Re2 Bg4 35.Rc2 Rxe3 36.Rdc1 Re1+ 0-1

[Event "Nordic Championship"]
[Site "Vaxjo"]
[Date "2017.06.30"]
[Round "7.18"]
[White "Petersson, Baldur Teodor"]
[Black "Johansson, Thomas"]
[Result "1/2-1/2"]
[WhiteElo "2086"]
[BlackElo "2205"]

1.e4 e6 2.d4 d5 3.Nd2 a6 4.Bd3 c5 5.exd5 exd5 6.Qe2+ Be7 7.dxc5 Nf6 8.Ngf3
O-O 9.O-O Re8 10.Nb3 Bxc5 11.Qd1 Bb6 12.h3 Nc6 13.c3 Ne4 14.Nbd4 Bxd4 15.
Nxd4 Nxd4 16.cxd4 Qb6 17.Bc2 Bf5 18.Bb3 Rad8 19.Bf4 Qg6 20.Qf3 Be6 21.Rac1
Rc8 22.Rxc8 Rxc8 23.Rc1 Rxc1+ 24.Bxc1 h6 25.Bf4 Qf6 26.Qe3 Qd8 27.Qc1 Nd6 
28.Bxd6 Qxd6 29.Qc3 f6 30.a3 Qd7 31.Qc2 Qd6 32.Qc3 Qd7 33.Qc2 Qd6 34.Qc3 
Qd7 1/2-1/2

[Event "Nordic Championship"]
[Site "Vaxjo"]
[Date "2017.06.30"]
[Round "7.19"]
[White "Helin, Mikael"]
[Black "Nygren, Kim"]
[Result "1/2-1/2"]
[WhiteElo "1861"]
[BlackElo "2184"]

1.e4 c5 2.Nc3 a6 3.g3 h5 4.h3 Nc6 5.Bg2 b5 6.Nge2 b4 7.Na4 e6 8.O-O Bb7 9.
c3 Nf6 10.d4 cxd4 11.cxd4 d5 12.Bg5 dxe4 13.Bxe4 Nxe4 14.Bxd8 Rxd8 15.f3 
Ng5 16.h4 Nh7 17.Rc1 g5 18.Nc5 Ba8 19.Qb3 Bd6 20.d5 Ne5 21.dxe6 O-O 22.f4 
gxf4 23.exf7+ Rxf7 24.Rxf4 Nf3+ 25.Kf2 Bxf4 26.gxf4 Nf6 27.Ne6 Ng4+ 28.Kg3
Nd2 29.Nxd8 Nxb3 30.Rc8 Rd7 31.Ne6+ Kf7 32.Ng5+ Ke7 33.Rxa8 Rd3+ 34.Kg2 
Rd2 35.Ra7+ Ke8 36.Kf3 Nh2+ 37.Ke3 Ng4+ 38.Kf3 Nh2+ 39.Ke3 Ng4+ 40.Kf3 
Nh2+ 1/2-1/2

[Event "Nordic Championship"]
[Site "Vaxjo"]
[Date "2017.06.30"]
[Round "7.20"]
[White "Ask, Josef"]
[Black "Neretljak, Nedzad"]
[Result "1-0"]
[WhiteElo "2120"]
[BlackElo "2083"]

1.e4 e6 2.d4 d5 3.Nd2 Nd7 4.e5 h5 5.Bd3 g6 6.Ne2 Bg7 7.Nf3 c5 8.c3 Qc7 9.
h4 Nh6 10.Nf4 Nf8 11.O-O Bd7 12.dxc5 Ng4 13.Re1 Nxe5 14.Nxe5 Bxe5 15.Qf3 
O-O-O 16.Be3 Bc6 17.Bd4 Nd7 18.Nh3 Bh2+ 19.Kh1 e5 20.g3 f5 21.Kxh2 Rde8 
22.b4 exd4 23.cxd4 Nf6 24.b5 Rxe1 25.Rxe1 Re8 26.Rb1 Bd7 27.Nf4 Qa5 28.
Nxg6 Qd2 29.Bxf5 Qxd4 30.Bxd7+ Kxd7 31.Rd1 Qb2 32.Nf4 Re3 33.Qg2 Re5 34.
Nd3 1-0

[Event "Nordic Championship"]
[Site "Vaxjo"]
[Date "2017.06.30"]
[Round "7.21"]
[White "Aroven, Mikael"]
[Black "Pettersson, Anders"]
[Result "1-0"]
[WhiteElo "2114"]
[BlackElo "2057"]

1.c4 b6 2.b3 Bb7 3.Bb2 e6 4.e3 Nf6 5.Nf3 Be7 6.Be2 O-O 7.O-O d5 8.d4 Nbd7 
9.cxd5 exd5 10.Nc3 Ne4 11.Rc1 Nxc3 12.Rxc3 Bd6 13.Qc1 Nf6 14.Rc2 Re8 15.
Bb5 Re6 16.Ne5 c5 17.f4 Ne4 18.Bd3 f6 19.Bxe4 dxe4 20.Nc4 Bf8 21.Rd1 Qe8 
22.d5 Re7 23.a4 Rd7 24.Rcd2 Rad8 25.a5 b5 26.a6 Bxa6 27.Na5 Bb7 28.d6 Ba8 
29.Qxc5 Qe6 30.Ba3 Kf7 31.Qxb5 Bxd6 32.Nc4 a6 33.Qa4 Be7 34.Rxd7 Bc6 35.
Rxe7+ Qxe7 36.Rxd8 Qxd8 37.Qxc6 Qd1+ 38.Kf2 Qxb3 39.Qd5+ 1-0

[Event "Nordic Championship"]
[Site "Vaxjo"]
[Date "2017.06.30"]
[Round "7.22"]
[White "Fernandez, Juan Pablo"]
[Black "Wengholm, Anders"]
[Result "1-0"]
[WhiteElo "2045"]
[BlackElo "2209"]

1.c4 b6 2.Nc3 c5 3.e4 d6 4.g3 e6 5.Bg2 Bb7 6.Nge2 a6 7.O-O Qc7 8.d3 Nf6 9.
a3 Be7 10.b4 O-O 11.f4 Re8 12.h3 Nc6 13.b5 Nd4 14.Be3 Nxe2+ 15.Qxe2 axb5 
16.Nxb5 Qb8 17.g4 d5 18.g5 Nd7 19.h4 Bc6 20.Rfb1 Qb7 21.exd5 exd5 22.cxd5 
Bxd5 23.Bxd5 Qxd5 24.Nc7 Qf5 25.Nxa8 Bd6 26.Qf3 Ne5 27.Qe4 Qg4+ 28.Qg2 
Nf3+ 29.Kf2 Qxh4+ 30.Kxf3 Qh5+ 31.Kf2 1-0